As You Like it (Record no. 82033)

MARC details
000 -LEADER
fixed length control field 00284nam a2200121Ia 4500
008 - FIXED-LENGTH DATA ELEMENTS--GENERAL INFORMATION
fixed length control field 221102s9999 xx 000 0 und d
041 ## - LANGUAGE CODE
Language code of text/sound track or separate title eng
082 ## - DEWEY DECIMAL CLASSIFICATION NUMBER
Item number Sub
100 ## - MAIN ENTRY--PERSONAL NAME
Personal name Subhash Bisaria
9 (RLIN) 94896
245 ## - TITLE STATEMENT
Title As You Like it
250 ## - EDITION STATEMENT
Edition statement 9
260 ## - PUBLICATION, DISTRIBUTION, ETC. (IMPRINT)
Name of publisher, distributor, etc. Rama Brothers
Date of publication, distribution, etc. 1905-07-03
Holdings
Withdrawn status Lost status Damaged status Not for loan Collection code Home library Current library Date acquired Full call number Barcode Date last seen Bill Date Koha item type Original Barcode
        BA College Of Computer Application For Women , Satara College Of Computer Application For Women , Satara 27/07/2021 SUB BCAS-B-567 04/11/2022 04/11/2022 Books B00567
        BA College Of Computer Application For Women , Satara College Of Computer Application For Women , Satara 27/07/2021 SUB BCAS-B-568 04/11/2022 04/11/2022 Books B00568
        BA College Of Computer Application For Women , Satara College Of Computer Application For Women , Satara 27/07/2021 SUB BCAS-B-569 04/11/2022 04/11/2022 Books B00569
        BA College Of Computer Application For Women , Satara College Of Computer Application For Women , Satara 27/07/2021 SUB BCAS-B-570 04/11/2022 04/11/2022 Books B00570